មហាចោរនៅទល់ដែន / (Record no. 6316)
[ view plain ]
| 000 -LEADER | |
|---|---|
| fixed length control field | 02586nam a22002417a 4500 |
| 001 - CONTROL NUMBER | |
| control field | 6316 |
| 003 - CONTROL NUMBER IDENTIFIER | |
| control field | FISKH |
| 005 - DATE AND TIME OF LATEST TRANSACTION | |
| control field | 20250411121537.0 |
| 008 - FIXED-LENGTH DATA ELEMENTS--GENERAL INFORMATION | |
| fixed length control field | 250410b cb ||||| |||| 00| 0 eng d |
| 040 ## - CATALOGING SOURCE | |
| Original cataloging agency | FISKH |
| Language of cataloging | khr |
| Transcribing agency | FISKH |
| Modifying agency | FISKH |
| 050 ## - LIBRARY OF CONGRESS CALL NUMBER | |
| Classification number | PZ7 |
| 082 ## - DEWEY DECIMAL CLASSIFICATION NUMBER | |
| Classification number | 800 |
| 100 ## - MAIN ENTRY--PERSONAL NAME | |
| Personal name | Savat, Sang |
| 245 ## - TITLE STATEMENT | |
| Title | មហាចោរនៅទល់ដែន / |
| Statement of responsibility, etc. | និពន្ធដោយលោក សាង សាវាត |
| 260 ## - PUBLICATION, DISTRIBUTION, ETC. | |
| Place of publication, distribution, etc. | ភ្នំពេញ : |
| Name of publisher, distributor, etc. | គ្រឺះស្ថានបោះពុម្ពផ្សាយរស្មីបដិវត្ត , |
| Date of publication, distribution, etc. | 1955 . |
| 300 ## - PHYSICAL DESCRIPTION | |
| Extent | 231 pages : |
| Other physical details | illustrations ; |
| Dimensions | 20 cm . |
| 520 ## - SUMMARY, ETC. | |
| Summary, etc. | រឿងនេះនិយាយអំពីមនុស្សជាច្រើនដែលរស់នៅជាយព្រំដែន កន្លែងដែលសង្គមនិងអាជ្ញាធរមិនសូវយកចិត្តទុកដាក់។ នៅទីនោះ មានមហាចោរម្នាក់ដែលបំពានច្បាប់ ហើយក៏ជាជនលិចលួងផងដែរ។ មនុស្សនេះត្រូវបានគេនិយាយថាជាឧបម៉ារបស់មនុស្សជាច្រើនដែលត្រូវប្រឈមមុខនឹងអំណាចនិងការបង្ខិតបង្ខំ។ រឿងនេះបង្ហាញពីភាពរឹងមាំ ការតស៊ូ និងការប្រយុទ្ធតាមរបៀបដ៏បែបផែន ដើម្បីរស់រានមានជីវិត ឬរកយុត្តិធម៌ក្នុងពិភពដែលពោរពេញទៅដោយអំពើអយុត្តិធម៌។ |
| 520 ## - SUMMARY, ETC. | |
| Summary, etc. | The story follows a mysterious and well-known thief who operates near the border. He is more than just a criminal—he represents the voice of those who are oppressed, the people pushed to the margins of society. While he breaks the law, his actions reveal deeper issues about corruption, injustice, and the struggle for survival.<br/><br/>As the narrative unfolds, it explores the lives of people living under constant pressure—facing poverty, neglect, and the abuse of power. The thief becomes a symbol of resistance, fighting back in his own way against the forces that seek to control or silence others. |
| 650 ## - SUBJECT ADDED ENTRY--TOPICAL TERM | |
| Topical term or geographic name entry element | មហាចោរនៅទល់ដែន |
| Form subdivision | ប្រលោមលោកខ្មែរ |
| 650 ## - SUBJECT ADDED ENTRY--TOPICAL TERM | |
| Topical term or geographic name entry element | Thief at the border |
| Form subdivision | Khmer novel |
| 942 ## - ADDED ENTRY ELEMENTS (KOHA) | |
| Source of classification or shelving scheme | Dewey Decimal Classification |
| Koha item type | Books |
| Suppress in OPAC | No |
| Withdrawn status | Lost status | Source of classification or shelving scheme | Damaged status | Not for loan | Collection | Home library | Current library | Shelving location | Date acquired | Total Checkouts | Full call number | Barcode | Date last seen | Price effective from | Koha item type |
|---|---|---|---|---|---|---|---|---|---|---|---|---|---|---|---|
| Dewey Decimal Classification | Khmer Language Books / សៀវភៅភាសាខ្មែរ | Footprints International School Library Network Toul Tom Poung Campus | Footprints International School Library Network Toul Tom Poung Campus | TTP Secondary Khmer Bookshelves | 04/10/2025 | SAV PZ7 800 | FISSE01643 | 04/10/2025 | 04/10/2025 | Books |
